Arab Countries - Whammies - Statistics

General Stats
  • This quiz has been taken 49 times
  • The average score is 16 of 21
Answer Stats
Arab Nations % Correct
Saudi Arabia
93%
Egypt
91%
Oman
91%
United Arab Emirates
91%
Algeria
89%
Qatar
89%
Libya
86%
Yemen
86%
Morocco
84%
Syria
84%
Iraq
82%
Kuwait
82%
Lebanon
82%
Sudan
82%
Tunisia
82%
Bahrain
80%
Jordan
80%
Mauritania
45%
Djibouti
36%
Somalia
30%
Comoros
20%
No matching quizzes found
Score Distribution
Percent of People with Each Score
Percentile by Number Answered
Your Score History
You have not taken this quiz